Topley and Wilson's principles of bacteriology, virology and immunology / (Record no. 2867)
[ view plain ]
| 000 -LEADER | |
|---|---|
| fixed length control field | 01242nam a2200325 a 4500 |
| 003 - CONTROL NUMBER IDENTIFIER | |
| control field | ALUPE UNIVERSITY |
| 005 - DATE AND TIME OF LATEST TRANSACTION | |
| control field | 20210723054435.0 |
| 008 - FIXED-LENGTH DATA ELEMENTS--GENERAL INFORMATION | |
| fixed length control field | 901024s1990 enk 001 0 eng d |
| 020 ## - INTERNATIONAL STANDARD BOOK NUMBER | |
| International Standard Book Number | 0713145897 v.1 |
| 040 ## - CATALOGING SOURCE | |
| Transcribing agency | ALUPE UNIVERSITY |
| 050 #0 - LIBRARY OF CONGRESS CALL NUMBER | |
| Classification number | QR46 |
| Item number | .T67 1990 |
| 092 ## - LOCALLY ASSIGNED DEWEY CALL NUMBER (OCLC) | |
| Classification number | D0400729999 |
| 100 1# - MAIN ENTRY--PERSONAL NAME | |
| Personal name | Topley, W. W. C. |
| Dates associated with a name | 1886-1944. |
| 245 10 - TITLE STATEMENT | |
| Title | Topley and Wilson's principles of bacteriology, virology and immunology / |
| Statement of responsibility, etc. | [general editors, M. Tom Parker, Leslie H. Collier] |
| 250 ## - EDITION STATEMENT | |
| Edition statement | 8th ed. |
| 260 ## - PUBLICATION, DISTRIBUTION, ETC. | |
| Place of publication, distribution, etc. | London : |
| Name of publisher, distributor, etc. | Edward Arnold, |
| Date of publication, distribution, etc. | 1990 |
| 300 ## - PHYSICAL DESCRIPTION | |
| Extent | xvi, :468pgs |
| Other physical details | ill. ; |
| Dimensions | 29 cm. |
| 500 ## - GENERAL NOTE | |
| General note | Editors from cover |
| 500 ## - GENERAL NOTE | |
| General note | Previous ed.: 1983-1984 |
| 650 #0 - SUBJECT ADDED ENTRY--TOPICAL TERM | |
| Topical term or geographic name entry element | Medical microbiology |
| 700 1# - ADDED ENTRY--PERSONAL NAME | |
| Personal name | Wilson, Graham S. |
| Fuller form of name | (Graham Selby), |
| Titles and other words associated with a name | Sir, |
| Dates associated with a name | 1895-1987. |
| 700 1# - ADDED ENTRY--PERSONAL NAME | |
| Personal name | Parker, M. T. |
| 700 1# - ADDED ENTRY--PERSONAL NAME | |
| Personal name | Collier, L. H. |
| Fuller form of name | (Leslie Harold), |
| Dates associated with a name | 1921-2011. |
| 942 ## - ADDED ENTRY ELEMENTS (KOHA) | |
| Source of classification or shelving scheme | |
| Koha item type | Book |
| Suppress in OPAC | PW |
| Withdrawn status | Lost status | Source of classification or shelving scheme | Damaged status | Not for loan | Permanent Location | Current Location | Shelving location | Date acquired | Source of acquisition | Total Checkouts | Full call number | Barcode | Date last seen | Price effective from | Koha item type | Public note | Copy number |
|---|---|---|---|---|---|---|---|---|---|---|---|---|---|---|---|---|---|
| AU LIBRARY | AU LIBRARY | Open Shelf | 23.07.2021 | DONATION FROM MOI UNIVERSITY | QR46 .T67 1990 | 28002051 | 23.07.2021 | 23.07.2021 | Book | PW | |||||||
| AU LIBRARY | AU LIBRARY | Open Shelf | 14.06.2022 | DONATION FROM MOI UNIVERSITY | QR46 .T67 1990 C2 | 28007870 | 14.06.2022 | 14.06.2022 | Book | AB | 2 |